[Event "Open Nord 2014/2015"]
[Site "Meyreuil"]
[Date "2015.01.16"]
[Round "5.3"]
[White "Schiano-Lomoriello, Didier"]
[Black "Graells, Christian"]
[Result "1-0"]
[WhiteElo "1590"]
[BlackElo "1482"]
[PlyCount "107"]

1. e4 e5 2. Nf3 Nc6 3. Bb5 a6 4. Ba4 Nf6 5. O-O Be7 6. Re1 b5 7. Bb3 d6 8. h3
O-O 9. c3 Na5 10. Bc2 c5 11. d4 Qc7 12. Nbd2 Nb7 13. Nf1 Be6 14. Ng3 h6 15. d5
Bd7 16. Qe2 c4 17. Nh4 Nc5 18. Nhf5 Bd8 19. Qf3 Kh7 20. Nh5 Bxf5 21. Qxf5+ Kh8
22. Nxf6 Bxf6 23. Bxh6 Qe7 24. Be3 Nd7 25. f4 g6 26. Qg4 Kg7 27. f5 Rh8 28.
fxg6 fxg6 29. Rf1 Raf8 30. a4 Rh4 31. Qe2 Rfh8 32. Rf3 Bg5 33. Raf1 Bxe3+ 34.
Qxe3 Rf8 35. axb5 Rxf3 36. Rxf3 axb5 37. Qf2 g5 38. Qg3 Kh6 39. Qf2 Rf4 40. Bd1
Nc5 41. Rxf4 exf4 42. Qd4 Kh7 43. Bg4 Kg8 44. Bf5 Kf7 45. Qh8 Qf6 46. Qh7+ Qg7
47. Be6+ Kf8 48. Qf5+ Ke7 49. Qg4 Nd3 50. Bd7 Ne5 51. Qe6+ Kd8 52. Qe8+ Kc7 53.
Qc8+ Kb6 54. Qb8+ 1-0

[Event "Open Nord 2014/2015"]
[Site "Meyreuil"]
[Date "2015.01.16"]
[Round "5.4"]
[White "Garcia, Robustiano"]
[Black "Jean, Nicolas"]
[Result "0-1"]
[WhiteElo "1573"]
[BlackElo "1868"]
[PlyCount "62"]

1. d4 Nf6 2. c4 e6 3. Nc3 Bb4 4. Qc2 c5 5. e3 Nc6 6. Nf3 d5 7. a3 Bxc3+ 8. bxc3
O-O 9. cxd5 exd5 10. dxc5 Qa5 11. Bd2 Qxc5 12. Bd3 Bg4 13. Nd4 Ne5 14. O-O Rac8
15. Rfb1 b6 16. Ba6 Rb8 17. c4 Nc6 18. Nxc6 Qxc6 19. Bb5 Qe6 20. Bb4 Rfc8 21.
Ba6 Bf5 22. Qe2 Bxb1 23. Bxc8 Qxc8 24. Rxb1 Qxc4 25. Qb2 Rc8 26. Be7 Ne4 27. f3
Nc3 28. Re1 Re8 29. Bb4 Rc8 30. Kf2 Qd3 31. Qc1 Ne4+ 0-1

[Event "Open Nord 2014/2015"]
[Site "Meyreuil"]
[Date "2015.01.16"]
[Round "5.5"]
[White "Scamaroni, Jean-Paul"]
[Black "Lupinacci, Patrick"]
[Result "1-0"]
[WhiteElo "1604"]
[BlackElo "1460"]
[PlyCount "83"]

1. d4 Nf6 2. c4 e6 3. Nc3 d5 4. Bg5 Be7 5. e3 O-O 6. Nf3 Nbd7 7. Rc1 Bb4 8. a3
Bxc3+ 9. Rxc3 Qe8 10. Bf4 Ne4 11. Rc1 c6 12. Bd3 Ndf6 13. Nd2 Nxd2 14. Qxd2 Nd7
15. Bd6 e5 16. cxd5 exd4 17. Bxf8 Nxf8 18. dxc6 bxc6 19. O-O Qd7 20. exd4 Bb7
21. Be4 g6 22. Qc3 Rc8 23. Qc5 a6 24. Rfd1 Ne6 25. Qb4 Nf4 26. Bf3 Nd5 27. Bxd5
cxd5 28. Rxc8+ Bxc8 29. Re1 Kg7 30. Re7 Qf5 31. Qe1 Be6 32. Qe5+ Qxe5 33. dxe5
d4 34. Kf1 Kf8 35. Ra7 h5 36. Ke1 Bc4 37. f4 Ke8 38. b3 Bxb3 39. Rxa6 d3 40. a4
Bc4 41. Rd6 Ke7 42. a5 1-0

[Event "Open Nord 2014/2015"]
[Site "Meyreuil"]
[Date "2015.01.16"]
[Round "5.6"]
[White "Brissonneau, Laurent"]
[Black "Amoros, Jean"]
[Result "1-0"]
[WhiteElo "1682"]
[BlackElo "1471"]
[PlyCount "55"]

1. e4 d5 2. exd5 Nf6 3. d4 Nxd5 4. h3 Bf5 5. c3 g6 6. Bc4 Bg7 7. Qb3 Be6 8.
Qxb7 Nb6 9. Bxe6 fxe6 10. Qe4 Qd5 11. Qg4 O-O 12. Nf3 N8d7 13. O-O Rf5 14. Nbd2
Nf6 15. Qg3 Nh5 16. Qxc7 Bh6 17. c4 Qa5 18. Qxe7 Nf4 19. Ne4 Raf8 20. b4 Qa4
21. Bxf4 Rxf4 22. Neg5 Bg7 23. Ne5 Qc2 24. Nxe6 Bxe5 25. dxe5 R4f7 26. Qh4 Re8
27. Ng5 h5 28. Nxf7 1-0

[Event "Open Nord 2014/2015"]
[Site "Meyreuil"]
[Date "2015.01.16"]
[Round "5.7"]
[White "Corrias, Robert"]
[Black "Perdiolat, Francis"]
[Result "0-1"]
[WhiteElo "1634"]
[BlackElo "1190"]
[PlyCount "71"]

1. Nf3 Nf6 2. d4 g6 3. Nc3 Bg7 4. Bg5 O-O 5. Qd2 d6 6. e4 Bg4 7. Be2 Qe8 8.
O-O-O Bxf3 9. Bxf3 e5 10. d5 a5 11. h4 h5 12. Qe2 Na6 13. g4 hxg4 14. Bxg4 Nxg4
15. Qxg4 f5 16. Qg3 Nc5 17. f3 Nd7 18. Rdg1 Nf6 19. Bxf6 Rxf6 20. h5 Kh7 21.
hxg6+ Kg8 22. Rh7 Rxg6 23. Rxg7+ Kxg7 24. Qh2 Rxg1+ 25. Qxg1+ Qg6 26. Qf2 Rf8
27. Qa7 fxe4 28. Nxe4 Rxf3 29. Nd2 Qg5 30. Kd1 Rg3 31. Qxa5 Qg4+ 32. Ke1 Rg1+
33. Nf1 Qe4+ 34. Kd2 Rg2+ 35. Kc3 Qe1+ 36. Nd2 0-1

[Event "Open Nord 2014/2015"]
[Site "Meyreuil"]
[Date "2015.01.16"]
[Round "5.8"]
[White "Bouriel, Michel"]
[Black "Hidreau, Olivier"]
[Result "1-0"]
[WhiteElo "1391"]
[BlackElo "1549"]
[PlyCount "67"]

1. c4 f5 2. Nc3 e5 3. d3 Nf6 4. Nf3 d6 5. g3 b6 6. Bg2 Bb7 7. O-O Be7 8. Nb5 a6
9. Nc3 c6 10. Ng5 Bc8 11. Qb3 h6 12. Nf3 Be6 13. Nh4 Kf7 14. Qa4 d5 15. cxd5
Nxd5 16. Nf3 Qc7 17. Bd2 b5 18. Qd1 Ra7 19. Rc1 Nf6 20. a3 Nbd7 21. Qc2 g6 22.
Nd1 Kg7 23. Qxc6 Qxc6 24. Rxc6 Bd5 25. Rc1 Bd6 26. Nc3 Bf7 27. Ne1 Rc8 28. f4
Bc5+ 29. Kh1 Rac7 30. fxe5 Nxe5 31. Bf4 Nfd7 32. Nf3 Bd4 33. Nxd4 Kf6 34. Bd5
1-0

[Event "Open Nord 2014/2015"]
[Site "Meyreuil"]
[Date "2015.01.16"]
[Round "5.9"]
[White "Andonian, Pierre"]
[Black "Person, Claude"]
[Result "1-0"]
[WhiteElo "1470"]
[BlackElo "1269"]
[PlyCount "27"]

1. e4 e5 2. Nf3 Nc6 3. d4 Bd6 4. d5 Bb4+ 5. c3 Bc5 6. dxc6 d6 7. b4 Bb6 8. a4
a5 9. Bb5 Kf8 10. Nxe5 Qh4 11. O-O dxe5 12. bxa5 Bxa5 13. Ba3+ Ke8 14. cxb7+
1-0

[Event "Open Nord 2014/2015"]
[Site "Meyreuil"]
[Date "2015.01.16"]
[Round "5.10"]
[White "Pietrac, Christian"]
[Black "De Mersseman, Eric"]
[Result "0-1"]
[WhiteElo "1205"]
[BlackElo "1747"]
[PlyCount "76"]

1. Nf3 Nf6 2. g3 e6 3. Bg2 d5 4. d3 c5 5. Nbd2 Nc6 6. O-O Bd6 7. e4 O-O 8. Re1
Qc7 9. Nf1 d4 10. c3 e5 11. N1d2 Bg4 12. Nc4 Be7 13. h3 Bd7 14. Nh2 b5 15. Nd2
Qc8 16. g4 h6 17. Ndf1 Be6 18. f4 exf4 19. Bxf4 Qd7 20. e5 Nd5 21. Bd2 Rac8 22.
c4 bxc4 23. dxc4 Nb6 24. b3 Qc7 25. Nf3 Rfe8 26. a3 Nd7 27. Bf4 Rb8 28. Qd2
Rxb3 29. Bxh6 gxh6 30. Qxh6 Bf8 31. Qg5+ Bg7 32. N1d2 Rxf3 33. Bxf3 Ncxe5 34.
Kg2 Nxf3 35. Kxf3 Qh2 36. Rh1 Ne5+ 37. Ke4 Qg2+ 38. Kf4 Nd3# 0-1

[Event "Open Nord 2014/2015"]
[Site "Meyreuil"]
[Date "2015.01.16"]
[Round "5.11"]
[White "Gourdeau, Marie-Christine"]
[Black "Schoeni, Christine"]
[Result "1-0"]
[WhiteElo "1462"]
[BlackElo "1090"]
[PlyCount "115"]

1. e4 e5 2. Nf3 Nc6 3. Bc4 f6 4. c3 d6 5. h3 Nge7 6. Qb3 d5 7. exd5 Na5 8. Qa4+
c6 9. dxc6 Nexc6 10. Be2 Bc5 11. O-O Be7 12. b4 e4 13. Nd4 Bd7 14. bxa5 Nxa5
15. Qc2 O-O 16. Qxe4 Bc6 17. Nxc6 Nxc6 18. Bc4+ Kh8 19. d4 Na5 20. Bd3 f5 21.
Qf3 Qd7 22. Bf4 Rf6 23. Be5 Rf7 24. Nd2 Nc6 25. Nc4 Rc8 26. Rac1 Nd8 27. Ne3
Bg5 28. Qh5 Ne6 29. Bxf5 h6 30. d5 Bxe3 31. Bxe6 Qe7 32. Bxf7 Bxc1 33. Rxc1 Qg5
34. Qxg5 hxg5 35. c4 Rf8 36. Be6 Kh7 37. d6 Re8 38. Bf5+ g6 39. Bxg6+ Kxg6 40.
Bd4 b6 41. Be3 Rd8 42. c5 Kf6 43. cxb6 axb6 44. Rc6 b5 45. g4 b4 46. f4 gxf4
47. Bxf4 Ke6 48. Kf2 Kd5 49. Rc1 Ke4 50. Rc4+ Kd5 51. Rxb4 Kc5 52. Rb1 Rd7 53.
Rc1+ Kd5 54. Rc7 Rd8 55. d7 Ke4 56. Bg5 Ra8 57. d8=Q Rxa2+ 58. Bd2 1-0

[Event "Open Nord 2014/2015"]
[Site "Meyreuil"]
[Date "2015.02.07"]
[Round "6.1"]
[White "Montanelli, Tristan"]
[Black "Salvi, Michel"]
[Result "1-0"]
[WhiteElo "1730"]
[BlackElo "1622"]
[PlyCount "57"]

1. d4 Nf6 2. Nf3 e6 3. e3 d5 4. Bd3 g6 5. b3 Bg7 6. Ba3 Nbd7 7. c3 c5 8. Nbd2
O-O 9. O-O Qa5 10. Qc1 Qc7 11. e4 e5 12. Nxe5 Nxe5 13. dxe5 Nxe4 14. Bxe4 dxe4
15. Nxe4 Bxe5 16. Qh6 f5 17. Nxc5 Bxc3 18. Rac1 Bg7 19. Qe3 Qf7 20. Qf3 g5 21.
Nd3 g4 22. Qf4 Rd8 23. Rc7 Rd7 24. Rfc1 Rxc7 25. Rxc7 Qg6 26. Ne5 Qf6 27. Bb2
Qd6 28. Rxg7+ Kxg7 29. Nc4+ 1-0

[Event "Open Nord 2014/2015"]
[Site "Meyreuil"]
[Date "2015.02.07"]
[Round "6.2"]
[White "Bouriel, Michel"]
[Black "Schiano-Lomoriello, Didier"]
[Result "1-0"]
[WhiteElo "1391"]
[BlackElo "1590"]
[PlyCount "59"]

1. c4 Nf6 2. Nc3 g6 3. g3 d5 4. cxd5 Nxd5 5. Bg2 Nb6 6. Nf3 Bg7 7. O-O O-O 8.
d3 Nc6 9. a3 Bg4 10. Qc2 Qd7 11. Bf4 Bxf3 12. Bxf3 Nd4 13. Qd1 Nxf3+ 14. exf3
e5 15. Bg5 f6 16. Be3 c6 17. Qb3+ Qf7 18. Qc2 Rfd8 19. Ne4 Nd5 20. Bc5 Qe6 21.
Be3 b6 22. Rac1 c5 23. Bd2 Rd7 24. b4 cxb4 25. Bxb4 Nxb4 26. axb4 Qd5 27. Rfd1
f5 28. Nd2 Qxd3 29. Qc6 Qd6 30. Qxa8+ 1-0

[Event "Open Nord 2014/2015"]
[Site "Meyreuil"]
[Date "2015.02.07"]
[Round "6.3"]
[White "Jean, Nicolas"]
[Black "Scamaroni, Jean-Paul"]
[Result "1-0"]
[WhiteElo "1868"]
[BlackElo "1604"]
[PlyCount "82"]

1. e4 c5 2. Nf3 d6 3. Bb5+ Bd7 4. Bxd7+ Nxd7 5. O-O Ngf6 6. Qe2 e5 7. c3 Be7 8.
d4 cxd4 9. cxd4 O-O 10. Nc3 a6 11. Be3 Qc7 12. Rac1 Qb8 13. Nd2 b5 14. a3 Qb7
15. f3 Rfc8 16. Nb3 Bd8 17. Qd3 Bb6 18. Rfd1 exd4 19. Nxd4 Ne5 20. Qe2 Nc4 21.
Bg5 Qa7 22. Be3 Nxe3 23. Qxe3 Rc4 24. Nce2 Rac8 25. Rxc4 Rxc4 26. Qd3 Nd7 27.
Kf1 Ne5 28. Qd2 Ng6 29. Nf5 Qc7 30. Qxd6 Qxd6 31. Rxd6 Bc5 32. Rd8+ Bf8 33. Nc3
b4 34. Nd5 h6 35. Nfe7+ Nxe7 36. Nxe7+ Kh7 37. Rxf8 Rc1+ 38. Kf2 Rc2+ 39. Kg3
Rxb2 40. axb4 Rxb4 41. Nd5 a5 1-0

[Event "Open Nord 2014/2015"]
[Site "Meyreuil"]
[Date "2015.02.07"]
[Round "6.4"]
[White "Brissonneau, Laurent"]
[Black "Mamah, Isabelle"]
[Result "0-1"]
[WhiteElo "1682"]
[BlackElo "1827"]
[PlyCount "62"]

1. e4 c5 2. Nf3 g6 3. c3 Bg7 4. d4 cxd4 5. cxd4 d5 6. e5 Bg4 7. h3 Bxf3 8. Qxf3
e6 9. Bb5+ Nc6 10. Qg4 h6 11. O-O Nge7 12. Nc3 a6 13. Ba4 O-O 14. Be3 Rc8 15.
Rad1 b5 16. Bb3 Nf5 17. Rd2 h5 18. Qd1 Nxe3 19. fxe3 Bh6 20. Qf3 Qg5 21. Re2
Ne7 22. e4 b4 23. Na4 dxe4 24. Qxe4 Nf5 25. Qb7 Ng3 26. Ref2 Nxf1 27. Rxf1 Rc1
28. Qxa6 Qe3+ 29. Kh1 Rxf1+ 30. Qxf1 Qxd4 31. Qf6 Bg7 0-1

[Event "Open Nord 2014/2015"]
[Site "Meyreuil"]
[Date "2015.02.07"]
[Round "6.5"]
[White "Graells, Christian"]
[Black "Mignemi, Denis"]
[Result "1/2-1/2"]
[WhiteElo "1482"]
[BlackElo "1580"]
[PlyCount "98"]

1. e4 d5 2. exd5 Qxd5 3. Nc3 Qa5 4. d4 Nf6 5. Nf3 c6 6. Bc4 Bf5 7. Bd2 Qc7 8.
Bb3 e6 9. Qe2 Be7 10. Nh4 Bg4 11. f3 Bh5 12. O-O-O Nbd7 13. g4 Bg6 14. Nxg6
hxg6 15. Bg5 O-O-O 16. Rd3 Nb6 17. Ne4 Nxe4 18. Bxe7 Qxe7 19. Qxe4 Qd6 20. f4
Rh4 21. h3 Nd7 22. Rg1 Rdh8 23. Rgg3 Nf6 24. Qe3 Kb8 25. c4 Rd8 26. a3 Rd7 27.
Bd1 Rh8 28. Bf3 Rhd8 29. c5 Qc7 30. Rg2 Re7 31. Re2 Ree8 32. Qd2 Re7 33. Rb3
Red7 34. Rb4 Nd5 35. Bxd5 Rxd5 36. Re5 Qd7 37. Rxd5 Qxd5 38. Qe3 Qh1+ 39. Kc2
Rd5 40. a4 Qg2+ 41. Kb3 Qf1 42. a5 Qd1+ 43. Kc4 Kc7 44. b3 Qc2+ 45. Qc3 Qe2+
46. Qd3 Qe1 47. Ra4 Qc1+ 48. Qc3 Qf1+ 49. Qd3 Qc1+ 1/2-1/2

[Event "Open Nord 2014/2015"]
[Site "Meyreuil"]
[Date "2015.02.07"]
[Round "6.6"]
[White "Perdiolat, Francis"]
[Black "Andonian, Pierre"]
[Result "0-1"]
[WhiteElo "1190"]
[BlackElo "1470"]
[PlyCount "70"]

1. e4 d6 2. d4 Nf6 3. f3 c6 4. Nc3 Qc7 5. h3 Nbd7 6. Be3 e5 7. d5 Be7 8. Qe2 a6
9. f4 cxd5 10. exd5 O-O 11. O-O-O b5 12. g4 exf4 13. Bxf4 Nb6 14. Re1 Nfxd5 15.
Bd2 Be6 16. Bg2 Rac8 17. Qd3 Nb4 18. Qe4 d5 19. Qe5 Nxa2+ 20. Kb1 Nb4 21. Qxc7
Rxc7 22. Rc1 Rfc8 23. Nge2 Bf6 24. Be3 Nc4 25. Nd4 Nxe3 26. Nxe6 fxe6 27. Bf3
d4 28. Ne4 Rxc2 29. Rce1 Nc4 30. Re2 d3 31. Nxf6+ gxf6 32. Rxc2 dxc2+ 33. Kc1
Rd8 34. Re1 Nd2 35. Re3 Nxf3 0-1

[Event "Open Nord 2014/2015"]
[Site "Meyreuil"]
[Date "2015.02.07"]
[Round "6.7"]
[White "De Mersseman, Eric"]
[Black "Garcia, Robustiano"]
[Result "1-0"]
[WhiteElo "1747"]
[BlackElo "1573"]
[PlyCount "72"]

1. c4 Nf6 2. Nc3 g6 3. e4 d6 4. d4 Bg7 5. f3 O-O 6. Bg5 Nc6 7. Qd2 a6 8. Nge2
Rb8 9. d5 Ne5 10. Nd4 c5 11. dxc6 Nxc6 12. Nc2 Be6 13. Be2 Ne5 14. h3 Qa5 15.
O-O Rbc8 16. Rac1 Nc6 17. a3 Nd7 18. b4 Qd8 19. Nd5 Bxd5 20. cxd5 Nce5 21. Nd4
Nf6 22. Rxc8 Qxc8 23. Rc1 Qd7 24. Rc2 Rc8 25. Qc1 Rxc2 26. Qxc2 Ne8 27. b5 h6
28. Be3 axb5 29. Nxb5 e6 30. f4 Nf3+ 31. gxf3 exd5 32. exd5 Qxh3 33. Qe4 Nf6
34. Qe7 Nxd5 35. Qd8+ Kh7 36. Bd2 Qh4 1-0

[Event "Open Nord 2014/2015"]
[Site "Meyreuil"]
[Date "2015.02.07"]
[Round "6.8"]
[White "Hidreau, Olivier"]
[Black "Lupinacci, Patrick"]
[Result "1-0"]
[WhiteElo "1549"]
[BlackElo "1460"]
[PlyCount "149"]

1. e4 c5 2. c3 Nc6 3. Nf3 d6 4. d4 cxd4 5. Nxd4 Nf6 6. f3 g6 7. Bb5 Bd7 8. Qa4
Ne5 9. Bxd7+ Nexd7 10. O-O Bg7 11. Be3 O-O 12. Nd2 a6 13. Qd1 Ne5 14. Qe2 Nfd7
15. f4 Nc6 16. Nxc6 bxc6 17. Bd4 f6 18. Qc4+ Kh8 19. Qxc6 Nc5 20. Bxc5 dxc5 21.
Qd5 Qc7 22. Qc4 Qb6 23. Nb3 Rac8 24. f5 Bh6 25. Rad1 Bf4 26. Rxf4 g5 27. Rf2
Kg7 28. Rd7 Rf7 29. Rfd2 Rc6 30. R2d5 h5 31. Rxc5 Rd6 32. Rdc7 e6 33. Rxf7+
Kxf7 34. h3 Ke7 35. Kh2 Qb8 36. Rc7+ Kd8 37. e5 fxe5 38. Nc5 Qxc7 39. Nxe6+
Rxe6 40. Qxc7+ Kxc7 41. fxe6 Kd6 42. Kg3 Kxe6 43. Kf3 Kd5 44. b3 g4+ 45. Ke3 e4
46. hxg4 hxg4 47. Kf4 a5 48. a4 g3 49. Ke3 Ke5 50. c4 Kf5 51. c5 Ke5 52. c6 Kd6
53. c7 Kxc7 54. Kxe4 Kc6 55. Kd4 Kd6 56. b4 axb4 57. Kc4 Kc6 58. Kxb4 Kb6 59.
a5+ Ka6 60. Kc4 Kxa5 61. Kd4 Kb5 62. Ke4 Kc5 63. Kf4 Kd5 64. Kf5 Kd6 65. Kf4
Ke6 66. Kxg3 Kf5 67. Kh4 Kg6 68. Kg4 Kh6 69. Kf5 Kg7 70. Kg5 Kh7 71. Kf6 Kg8
72. Kg6 Kh8 73. g4 Kg8 74. g5 Kh8 75. Kf7 1-0

[Event "Open Nord 2014/2015"]
[Site "Meyreuil"]
[Date "2015.02.07"]
[Round "6.9"]
[White "Amoros, Jean"]
[Black "Gourdeau, Marie-Christine"]
[Result "1-0"]
[WhiteElo "1471"]
[BlackElo "1462"]
[PlyCount "47"]

1. e4 c6 2. d4 d5 3. e5 Bf5 4. Ne2 e6 5. Ng3 Bg6 6. h4 h6 7. h5 Bh7 8. Bd3 Bxd3
9. cxd3 Nd7 10. Be3 c5 11. f4 cxd4 12. Bxd4 Bc5 13. Bc3 d4 14. Bd2 Ne7 15. Qg4
Rg8 16. O-O f5 17. Qe2 Qb6 18. Na3 Bxa3 19. bxa3 Qd8 20. Qf3 Nd5 21. Nxf5 exf5
22. Qxd5 Kf8 23. Bb4+ Ke8 24. Qe6+ 1-0

[Event "Open Nord 2014/2015"]
[Site "Meyreuil"]
[Date "2015.02.07"]
[Round "6.10"]
[White "Ribelles, Anthony"]
[Black "Corrias, Robert"]
[Result "0-1"]
[WhiteElo "1450"]
[BlackElo "1634"]
[PlyCount "98"]

1. e4 Nc6 2. d4 d5 3. e5 Bf5 4. c3 e6 5. Bf4 Nge7 6. Nf3 Ng6 7. Bg3 h5 8. h3
Be7 9. Be2 h4 10. Bh2 Bg5 11. Nxg5 Qxg5 12. O-O Bxh3 13. Bf3 Bxg2 14. Bxg2 h3
15. Qf3 hxg2 16. Qxg2 Qxg2+ 17. Kxg2 Nh4+ 18. Kg3 Ke7 19. Nd2 Rh7 20. Rh1 Rah8
21. f4 Rh6 22. Rag1 Nf5+ 23. Kg2 Rg6+ 24. Kf2 Rxg1 25. Kxg1 Rh6 26. Nf1 Rh3 27.
Kf2 g6 28. Kg2 Rh4 29. Bg1 Rxh1 30. Kxh1 b5 31. Bf2 a5 32. Kg2 a4 33. Ne3 Nxe3+
34. Bxe3 Na5 35. Bf2 Nc4 36. b3 Nb2 37. Be1 Nd3 38. Bd2 c5 39. Kf3 f6 40. Be3
fxe5 41. fxe5 cxd4 42. Bg5+ Kd7 43. cxd4 Nb4 44. bxa4 bxa4 45. a3 Nc2 46. Be3
Nxa3 47. Bc1 Nc4 48. Bh6 a3 49. Bf8 a2 0-1

[Event "Open Nord 2014/2015"]
[Site "Meyreuil"]
[Date "2015.02.07"]
[Round "6.11"]
[White "Person, Claude"]
[Black "Gremaud, Isabelle"]
[Result "1-0"]
[WhiteElo "1269"]
[BlackElo "1399"]
[PlyCount "103"]

1. e4 e5 2. Nf3 Nc6 3. d4 exd4 4. Bc4 h6 5. O-O Bc5 6. Re1 Nge7 7. a3 a6 8. b4
Bb6 9. Bd2 O-O 10. a4 a5 11. b5 Nb8 12. Bd3 d6 13. h3 Nd7 14. Na3 Nc5 15. Nc4
Ba7 16. Bf1 Bd7 17. Nxa5 Qb8 18. Nc4 Ng6 19. Nb2 Ne6 20. Nd3 c6 21. bxc6 Bxc6
22. Nb4 Qe8 23. Nxc6 Qxc6 24. Bb5 Qb6 25. Rb1 Qc7 26. Bc1 Rac8 27. Bd3 Qc6 28.
Rb5 Rb8 29. Bd2 Nc5 30. Nxd4 Qa6 31. Rxc5 Qxa4 32. Rc4 Qd7 33. Nf3 Rfe8 34. Qa1
b5 35. Rb4 Bc5 36. Rb3 Ra8 37. Qb1 Reb8 38. Bxb5 Qa7 39. Bc4 Bxf2+ 40. Kh2 Bxe1
41. Qxe1 Re8 42. Bd5 Rac8 43. Rb7 Qa6 44. Rxf7 Re7 45. Rxe7+ Kf8 46. Bb7 Nxe7
47. Bxa6 Rxc2 48. Qd1 Ra2 49. Bc4 Ra8 50. Qb3 Ng6 51. Bg8 Rd8 52. Qf7# 1-0

[Event "Open Nord 2014/2015"]
[Site "Meyreuil"]
[Date "2015.02.07"]
[Round "6.12"]
[White "Schoeni, Christine"]
[Black "Pietrac, Christian"]
[Result "0-1"]
[WhiteElo "1090"]
[BlackElo "1205"]
[PlyCount "66"]

1. d4 Nf6 2. c4 g6 3. Nc3 Bg7 4. e3 d6 5. Nf3 c6 6. c5 O-O 7. Be2 Nbd7 8. O-O
b6 9. b4 b5 10. a3 a5 11. Rb1 Re8 12. e4 d5 13. e5 Nh5 14. Bd3 f6 15. e6 Nf8
16. Ne2 Nxe6 17. h3 f5 18. Ng5 Bf8 19. Nxe6 Bxe6 20. Bb2 Bh6 21. Bc1 f4 22. f3
Bd7 23. Kh2 e6 24. Qe1 axb4 25. axb4 Qf6 26. Bb2 Bg5 27. h4 Bxh4 28. Qd1 Ng3
29. Rg1 Qg5 30. Ra1 Rxa1 31. Bxa1 Nxe2 32. Bxe2 Bg3+ 33. Kh1 Qh4# 0-1

[Event "Open Nord 2014/2015"]
[Site "Meyreuil"]
[Date "2015.02.07"]
[Round "6.13"]
[White "Cortes, Maria"]
[Black "Salvi, Angele"]
[Result "0-1"]
[WhiteElo "1120"]
[BlackElo "1060"]
[PlyCount "184"]

1. d4 d5 2. Nf3 e6 3. e3 Bd6 4. c3 Nf6 5. Nbd2 O-O 6. Be2 Bd7 7. Qc2 Re8 8. O-O
Qe7 9. Bd3 g6 10. Ng5 Kg7 11. f4 Ng4 12. Qd1 Nxe3 13. Qf3 Nxf1 14. Nxf1 f5 15.
Qh3 h6 16. Nf3 Rf8 17. Qg3 c5 18. Be3 c4 19. Bc2 Nc6 20. Ba4 a6 21. Nh4 Qf6 22.
b3 b5 23. Bxb5 axb5 24. b4 Ne7 25. a3 Rg8 26. Nd2 Kh7 27. Ndf3 Rg7 28. Qf2 Rag8
29. g3 g5 30. fxg5 hxg5 31. Ng2 g4 32. Nfh4 Be8 33. Bf4 Bxf4 34. Nxf4 Ng6 35.
Nh5 Qg5 36. Nxg7 Rxg7 37. Nxg6 Qxg6 38. Qf4 Qg5 39. Qe5 Rg6 40. Qc7+ Kh6 41.
Qd6 Kh5 42. Qe5 Qh6 43. Qe2 Qg5 44. Qg2 Qe3+ 45. Kh1 Qf3 46. Rg1 Kg5 47. Rf1
Qxg2+ 48. Kxg2 Rh6 49. Rf4 Bf7 50. h4+ Kh5 51. Rf1 Rh8 52. Ra1 e5 53. dxe5 Re8
54. Re1 Kg6 55. Kf2 Be6 56. Rd1 Kf7 57. Rd4 Ra8 58. Ke3 Rxa3 59. Kf4 Rxc3 60.
Kg5 Rxg3 61. Rd1 Rb3 62. Ra1 c3 63. Ra7+ Bd7 64. Rxd7+ Ke6 65. Rc7 Kxe5 66.
Re7+ Kd6 67. Rf7 d4 68. Rf6+ Kd5 69. Rxf5+ Kc4 70. Kxg4 Rxb4 71. Rf1 Rb3 72. h5
Rb2 73. Kf4 d3 74. Ke3 Re2+ 75. Kf3 Rh2 76. Kg4 Rg2+ 77. Kh3 Ra2 78. h6 Ra7 79.
Rf4+ Kb3 80. Rf5 Rb7 81. Rd5 Kc2 82. Kh4 d2 83. Kg5 d1=Q 84. Rxd1 Kxd1 85. Kg6
c2 86. h7 c1=Q 87. h8=Q Qb1+ 88. Kh5 Rh7+ 89. Qxh7 Qxh7+ 90. Kg5 b4 91. Kf4 b3
92. Ke3 b2 0-1

[Event "Open Nord 2014/2015"]
[Site "Meyreuil"]
[Date "2014.03.10"]
[Round "7.1"]
[White "Schiano-Lomoriello, Didier"]
[Black "Montanelli, Tristan"]
[Result "0-1"]
[WhiteElo "1574"]
[BlackElo "1722"]
[PlyCount "74"]

1. e4 c5 2. Nf3 a6 3. d4 cxd4 4. Nxd4 e6 5. Nc3 Bb4 6. Be3 Qc7 7. Qd2 Nf6 8. f3
d5 9. Bd3 e5 10. Nf5 Bxf5 11. exf5 d4 12. Bxd4 exd4 13. Qe2+ Qe7 14. O-O-O dxc3
15. Bb5+ Nfd7 16. Qc4 axb5 17. Qc8+ Qd8 18. Rhe1+ Be7 19. Rxe7+ Kxe7 20. Re1+
Kf6 21. Qxc3+ Kxf5 22. g4+ Kg6 23. Qd3+ Kh6 24. Qd6+ Qf6 25. g5+ Kxg5 26. Qg3+
Kh5 27. Qg4+ Kh6 28. Qh3+ Kg6 29. Rg1+ Qg5+ 30. Rxg5+ Kxg5 31. Qg3+ Kf6 32.
Qd6+ Kf5 33. Qd5+ Kg6 34. Qd3+ f5 35. Qd6+ Nf6 36. Qg3+ Kf7 37. Qc7+ Nbd7 0-1

[Event "Open Nord 2014/2015"]
[Site "Meyreuil"]
[Date "2014.03.10"]
[Round "7.2"]
[White "Salvi, Michel"]
[Black "Jean, Nicolas"]
[Result "0-1"]
[WhiteElo "1595"]
[BlackElo "1871"]
[PlyCount "104"]

1. e4 e5 2. Nf3 Nc6 3. Bb5 a6 4. Ba4 Nf6 5. d3 b5 6. Bb3 Be7 7. c3 O-O 8. O-O
d6 9. h3 Na5 10. Bc2 Bb7 11. Re1 Re8 12. Nbd2 Bf8 13. Nf1 c5 14. Ng3 g6 15. Bg5
Bg7 16. Qe2 Qc7 17. b4 cxb4 18. cxb4 Nc6 19. Qd2 Nd7 20. Bb3 Nf8 21. Rac1 Ne6
22. Bh6 Qb6 23. Bxg7 Kxg7 24. Ng5 Ncd4 25. Nxe6+ Nxe6 26. Ne2 Rad8 27. Nc3 Nd4
28. Bd5 Rc8 29. Kh1 Nc6 30. Ne2 Rf8 31. f4 Ne7 32. Bxb7 Qxb7 33. fxe5 dxe5 34.
Qe3 f6 35. a3 Qd7 36. d4 exd4 37. Nxd4 Rxc1 38. Rxc1 Rd8 39. Rc7 Qd6 40. Qb3
Kh6 41. Qe3+ Kg7 42. Qb3 Kh6 43. Qe3+ Kg7 44. Ra7 Qe5 45. Nc6 Rd1+ 46. Qg1
Rxg1+ 47. Kxg1 Qa1+ 48. Kh2 Qxa3 49. h4 Qc1 50. Nxe7 Qf4+ 51. Kh3 Qe3+ 52. Kh2
Qxa7 0-1

[Event "Open Nord 2014/2015"]
[Site "Meyreuil"]
[Date "2014.03.10"]
[Round "7.3"]
[White "Mamah, Isabelle"]
[Black "Bouriel, Michel"]
[Result "1-0"]
[WhiteElo "1824"]
[BlackElo "1382"]
[PlyCount "89"]

1. e4 c5 2. Nf3 d6 3. c3 g6 4. d4 cxd4 5. cxd4 Bg7 6. Be2 Nf6 7. Nc3 O-O 8. O-O
a6 9. h3 b5 10. a3 Bb7 11. d5 Nbd7 12. Be3 Rc8 13. Rc1 Nc5 14. Nd2 Ncd7 15. b4
Ne8 16. Qb3 f5 17. exf5 Rxf5 18. Bg4 Rf8 19. Be6+ Kh8 20. Nce4 Nc7 21. Ng5 Qe8
22. Qd3 h6 23. Ngf3 Nxe6 24. dxe6 Nf6 25. Nh4 Kh7 26. Rce1 Nh5 27. f4 Rc3 28.
Qe2 Rxa3 29. Kh2 Qc8 30. g4 Nf6 31. f5 g5 32. Ng6 Re8 33. Nf3 Nd5 34. Bc1 Nxb4
35. Bxa3 Bxf3 36. Rxf3 Nd5 37. Rc1 Qb8 38. Bb2 Bxb2 39. Qxb2 Nf4 40. Nxf4 gxf4
41. Qd4 Rc8 42. Rxc8 Qxc8 43. Qxf4 Qc5 44. f6 exf6 45. Qxf6 1-0

[Event "Open Nord 2014/2015"]
[Site "Meyreuil"]
[Date "2014.03.10"]
[Round "7.4"]
[White "Andonian, Pierre"]
[Black "Graells, Christian"]
[Result "0-1"]
[WhiteElo "1470"]
[BlackElo "1482"]
[PlyCount "48"]

1. Nf3 Nc6 2. e4 e5 3. Bb5 a6 4. Bxc6 dxc6 5. Nxe5 Qd4 6. Nd3 Qxe4+ 7. Qe2
Qxe2+ 8. Kxe2 Bd6 9. f4 Nf6 10. Nc3 Bf5 11. Re1 O-O-O 12. h3 Rhe8+ 13. Kf2 Bxd3
14. Rxe8 Rxe8 15. cxd3 Bxf4 16. Kf3 Bd6 17. Ne4 Nd5 18. g4 Nb4 19. Ke2 Nc2 20.
Rb1 Nd4+ 21. Kd1 Rf8 22. b3 f5 23. Bb2 fxe4 24. Bxd4 exd3 0-1

[Event "Open Nord 2014/2015"]
[Site "Meyreuil"]
[Date "2014.03.10"]
[Round "7.5"]
[White "Mignemi, Denis"]
[Black "De Mersseman, Eric"]
[Result "1/2-1/2"]
[WhiteElo "1612"]
[BlackElo "1740"]
[PlyCount "51"]

1. d4 Nf6 2. c4 e6 3. Nc3 d5 4. Bg5 Nbd7 5. e3 c6 6. Nf3 Qa5 7. Nd2 Bb4 8. Qc2
O-O 9. Nb3 Qc7 10. Bd3 e5 11. cxd5 exd4 12. Nxd4 cxd5 13. O-O Bd6 14. h3 a6 15.
Rac1 h6 16. Bxf6 Nxf6 17. Bf5 g6 18. Bxc8 Raxc8 19. Qd3 Kg7 20. Rc2 Qd7 21.
Rfc1 Bb8 22. Nf3 Rfd8 23. Ne2 Rxc2 24. Rxc2 Ne4 25. Ned4 Ng5 26. Qc3 1/2-1/2

[Event "Open Nord 2014/2015"]
[Site "Meyreuil"]
[Date "2014.03.10"]
[Round "7.6"]
[White "Scamaroni, Jean-Paul"]
[Black "Amoros, Jean"]
[Result "1-0"]
[WhiteElo "1613"]
[BlackElo "1474"]
[PlyCount "65"]

1. d4 Nf6 2. c4 e5 3. dxe5 Ng4 4. Nf3 Nc6 5. Bf4 Bb4+ 6. Nbd2 Qe7 7. a3 Ngxe5
8. e3 Nxf3+ 9. gxf3 Bxd2+ 10. Qxd2 d6 11. Rg1 f6 12. Be2 g5 13. Bg3 h5 14. h4
Be6 15. b4 O-O-O 16. b5 Ne5 17. Qd4 Kb8 18. hxg5 Bxc4 19. Bxe5 fxe5 20. Qxc4 d5
21. Qc3 Rhg8 22. f4 exf4 23. exf4 d4 24. Qd3 Rd6 25. Kd2 Re6 26. Bxh5 Qd6 27.
Qf5 Rf8 28. Bf7 d3 29. Qxe6 Qxf4+ 30. Qe3 Qxf7 31. f4 Re8 32. g6 Qd7 33. Qxd3
1-0